Snag (Record no. 119019)

MARC details
000 -LEADER
fixed length control field 00571cas a22001815a 4500
001 - CONTROL NUMBER
control field L138748
008 - FIXED-LENGTH DATA ELEMENTS--GENERAL INFORMATION
fixed length control field 070709d19982001xxkqr p 0 a0eng u
035 ## - SYSTEM CONTROL NUMBER
System control number (Sirsi) u138748
041 0# - LANGUAGE CODE
Language code of text/sound track or separate title eng
110 2# - MAIN ENTRY--CORPORATE NAME
Corporate name or jurisdiction name as entry element Royal Institution of Chartered Surveyors
Subordinate unit North Staffordshire Branch
9 (RLIN) 1412
245 00 - TITLE STATEMENT
Title Snag
Remainder of title Surveyors' News and Grapevine
260 ## - PUBLICATION, DISTRIBUTION, ETC.
Place of publication, distribution, etc. Stoke on Trent
Name of publisher, distributor, etc. RICS
Date of publication, distribution, etc. 1998-2001
362 0# - DATES OF PUBLICATION AND/OR SEQUENTIAL DESIGNATION
Dates of publication and/or sequential designation 1(1) 31 March 1999-1(12) June 2001
520 ## - SUMMARY, ETC.
Summary, etc. Four per year
651 #4 - SUBJECT ADDED ENTRY--GEOGRAPHIC NAME
Geographic name Staffordshire
690 ## - LOCAL SUBJECT ADDED ENTRY--TOPICAL TERM (OCLC, RLIN)
Topical term or geographic name as entry element MANAGEMENT-BUSINESS MANAGEMENT-PROFESSIONAL PRACTICE
942 ## - ADDED ENTRY ELEMENTS (KOHA)
Suppress in OPAC 0
Holdings
Withdrawn status Lost status Source of classification or shelving scheme Damaged status Not for loan Home library Current library Shelving location Date acquired Total Checkouts Full call number Barcode Date last seen Price effective from Koha item type
    Dewey Decimal Classification     London London Basement 09/07/2007   SNAG 138748-1001 06/08/2019 06/08/2019 Journal